| 000 | 00791cam a22002413a 4500 | ||
|---|---|---|---|
| 001 | 31160 | ||
| 003 | PGUSA | ||
| 005 | 20140828083656.0 | ||
| 008 | 100202s2010||||xxu|||||s|||||000 1 eng d | ||
| 040 |
_aPGUSA _beng |
||
| 042 | _adc | ||
| 050 | 4 | _aPS | |
| 100 | 1 |
_aHarris, Joel Chandler, _d1848-1908 |
|
| 245 | 1 | 0 |
_aFree Joe and Other Georgian Sketches _h[electronic resource] / _cJoel Chandler Harris |
| 260 |
_bProject Gutenberg, _c2010 |
||
| 505 | 0 | _aFree Joe -- Little Compton -- Aunt Fountain's prisoner -- Trouble on Lost Mountain -- Azalia. | |
| 506 | _aPublic domain in the USA. | ||
| 516 | _aElectronic text | ||
| 653 | _aGeorgia -- Social life and customs -- Fiction | ||
| 830 | 0 |
_aProject Gutenberg _v31160 |
|
| 856 | 4 | 0 | _uhttp://www.gutenberg.org/ebooks/31160 |
| 942 | _cEB | ||
| 999 |
_c260415 _d260415 |
||